[Event "AUTO-MASTER-2205"]
[Site "http://www.queenalice.com/game.php?id=1326657"]
[Date "2014.12.8"]
[Round "1"]
[White "AfeuLira"]
[Black "umuaramaakira"]
[Result "0-1"]
[WhiteElo "1841"]
[BlackElo "2269"]

1. f4 d5 2. Nf3 Nc6 3. e3 Nf6 4. Bb5 Bd7 5. O-O e6 6. b3 Bd6 7. Bb2 O-O 8. Nc3
a6 9. Be2 Ne7 10. Bd3 c5 11. Ne2 b5 12. c4 dxc4 13. bxc4 b4 0-1

[Event "AUTO-MASTER-2245"]
[Site "http://www.queenalice.com/game.php?id=1340208"]
[Date "2015.2.9"]
[Round "1"]
[White "dadge"]
[Black "umuaramaakira"]
[Result "1/2-1/2"]
[WhiteElo "2163"]
[BlackElo "2269"]

1. e4 c5 2. Nf3 d6 3. d4 cxd4 4. Nxd4 Nf6 5. Nc3 a6 6. Bg5 e5 7. Nf3 Be7 8. Bc4
O-O 9. O-O b5 10. Bb3 b4 11. Bxf6 bxc3 12. Bxe7 Qxe7 13. bxc3 Nd7 14. Qd2 Nc5
15. Bd5 Rb8 16. h3 Be6 17. Qe2 Rb2 18. Ne1 Bxd5 19. exd5 e4 1/2-1/2

[Event "AUTO-MASTER-2245"]
[Site "http://www.queenalice.com/game.php?id=1340209"]
[Date "2015.2.9"]
[Round "1"]
[White "umuaramaakira"]
[Black "dadge"]
[Result "1/2-1/2"]
[WhiteElo "2239"]
[BlackElo "2213"]

1. d4 Nf6 2. c4 d5 3. Nc3 e6 4. Nf3 Bb4 5. Bg5 h6 6. Bh4 g5 7. Bg3 Ne4 8. Qc2
Nxg3 9. hxg3 dxc4 10. e3 Bxc3+ 11. Qxc3 Nc6 12. Bxc4 Qf6 13. O-O Bd7 14. b4
O-O-O 15. a4 g4 16. b5 gxf3 17. bxc6 Bxc6 18. gxf3 Qxf3 19. d5 Bxd5 20. Bxd5
Qxd5 21. Rfc1 c6 22. a5 a6 23. Qf6 Qf5 24. Qxf5 exf5 25. Rc5 Rd5 26. Rxd5 cxd5
27. Kg2 Re8 28. Kf3 Kd7 29. Kf4 Ke6 30. Rb1 Rc8 31. Rxb7 Rc4+ 32. Kf3 1/2-1/2

[Event "AUTO-MASTER-2245"]
[Site "http://www.queenalice.com/game.php?id=1340226"]
[Date "2015.2.9"]
[Round "1"]
[White "umuaramaakira"]
[Black "miltonlovisk"]
[Result "1/2-1/2"]
[WhiteElo "2256"]
[BlackElo "1958"]

1. d4 h6 2. e4 d5 3. e5 Bf5 4. Nf3 e6 5. Nc3 a6 6. Bd3 Bg4 7. h3 Bxf3 8. Qxf3
Bb4 9. Bd2 c5 10. dxc5 Bxc5 11. Qg4 Kf8 12. Na4 1/2-1/2

[Event "AUTO-MASTER-2245"]
[Site "http://www.queenalice.com/game.php?id=1340227"]
[Date "2015.2.9"]
[Round "1"]
[White "miltonlovisk"]
[Black "umuaramaakira"]
[Result "1/2-1/2"]
[WhiteElo "1945"]
[BlackElo "2266"]

1. e4 c5 2. Nf3 d6 3. a3 Nf6 4. Nc3 a6 5. d4 cxd4 6. Nxd4 e5 7. Nde2 Be7 8. f4
O-O 9. f5 b6 10. h3 Bb7 11. Ng3 d5 1/2-1/2

[Event "AUTO-MASTER-2277"]
[Site "http://www.queenalice.com/game.php?id=1352059"]
[Date "2015.4.6"]
[Round "1"]
[White "umuaramaakira"]
[Black "Constante"]
[Result "1/2-1/2"]
[WhiteElo "2222"]
[BlackElo "2028"]

1. d4 e6 2. c4 b6 3. Nc3 Bb7 4. Nf3 Bb4 5. Bd2 Nf6 6. e3 O-O 7. Bd3 d5 8. cxd5
exd5 9. a3 Bd6 10. O-O a6 11. Nh4 Ne4 12. Nf5 Qf6 13. Nxd6 Qxd6 14. Nxe4 dxe4
15. Bc4 Qg6 16. Qc2 Nd7 17. b4 Kh8 18. a4 c6 19. Rac1 b5 20. axb5 axb5 21. Ba2
f5 22. Rfd1 Qd6 23. Qb3 Rf6 24. Ra1 Rh6 25. h3 Rf6 26. Rdc1 h6 27. Bc3 Rff8 28.
Qb2 Nf6 29. Bb3 Nd5 30. Bc2 h5 31. Rxa8 Rxa8 32. Ra1 1/2-1/2

[Event "AUTO-MASTER-2277"]
[Site "http://www.queenalice.com/game.php?id=1352060"]
[Date "2015.4.6"]
[Round "1"]
[White "Constante"]
[Black "umuaramaakira"]
[Result "1-0"]
[WhiteElo "2029"]
[BlackElo "2216"]

1. e4 c5 2. Nf3 d6 3. Bb5+ Nc6 4. O-O Bg4 5. c3 a6 6. Bxc6+ bxc6 7. d4 Nf6 8.
dxc5 Nxe4 9. Qa4 Nf6 10. Ng5 Qc8 11. cxd6 exd6 12. Qb3 d5 13. c4 Be6 14. Re1 Bc5
15. cxd5 cxd5 16. Nxe6 fxe6 17. Qa4+ Kf7 18. Qf4 Rb8 19. a3 Rd8 20. Nc3 Qc6 21.
b4 Bxb4 22. axb4 Qxc3 23. Bd2 Qc4 24. Qe5 d4 25. Rac1 Qd5 26. Rc7+ Rd7 27. Rxd7+
Nxd7 28. Qxd5 exd5 29. Ra1 Rb6 30. g3 Ne5 31. Kg2 Nd3 32. Rb1 h6 33. f4 a5 34.
b5 1-0

[Event "AUTO-MASTER-2277"]
[Site "http://www.queenalice.com/game.php?id=1352061"]
[Date "2015.4.6"]
[Round "1"]
[White "umuaramaakira"]
[Black "rubenov"]
[Result "1/2-1/2"]
[WhiteElo "2234"]
[BlackElo "1944"]

1. d4 d5 2. c4 dxc4 3. Nc3 Nd7 4. Nf3 Nb6 5. e4 Bg4 6. Be2 e6 7. Bg5 Be7 8. Be3
Nf6 9. O-O O-O 10. Ne5 Bxe2 11. Qxe2 h6 12. Nxc4 Nxc4 13. Qxc4 c6 14. Rfd1 Qb8
15. Rac1 Ng4 16. h3 Nxe3 17. fxe3 Qg3 18. Qe2 Bg5 19. Rd3 f5 20. e5 Qh4 21. Rf1
Be7 22. Qc2 Rad8 23. Qb3 1/2-1/2

[Event "AUTO-MASTER-2277"]
[Site "http://www.queenalice.com/game.php?id=1352062"]
[Date "2015.4.6"]
[Round "1"]
[White "rubenov"]
[Black "umuaramaakira"]
[Result "0-1"]
[WhiteElo "1975"]
[BlackElo "2230"]

1. d4 d5 2. Bg5 f6 3. Bh4 c5 4. dxc5 Nc6 5. e3 e5 6. Nd2 Bxc5 7. Nb3 Bb6 8. Nf3
Nge7 9. Bb5 O-O 10. O-O Bg4 11. h3 Bh5 12. Be2 Nf5 13. Qd2 Bxf3 0-1

[Event "AUTO-MASTER-2312"]
[Site "http://www.queenalice.com/game.php?id=1365381"]
[Date "2015.6.13"]
[Round "1"]
[White "umuaramaakira"]
[Black "tariann"]
[Result "0-1"]
[WhiteElo "2144"]
[BlackElo "2166"]

1. d4 d5 2. c4 e6 3. Nc3 Nf6 4. Nf3 Bb4 5. Bg5 O-O 6. e3 c5 7. Bd3 Nc6 8. O-O
cxd4 9. exd4 dxc4 10. Bxc4 Qc7 11. Bxf6 gxf6 12. Bb3 Kh8 13. d5 Ne7 14. Rc1 Qf4
15. a3 Bd6 0-1

[Event "AUTO-MASTER-2312"]
[Site "http://www.queenalice.com/game.php?id=1365382"]
[Date "2015.6.13"]
[Round "1"]
[White "tariann"]
[Black "umuaramaakira"]
[Result "1-0"]
[WhiteElo "2177"]
[BlackElo "2133"]

1. e4 c5 2. Nf3 d6 3. d4 cxd4 4. Nxd4 Nf6 5. Nc3 e5 6. Bb5+ Bd7 7. Bxd7+ Nbxd7
8. Ndb5 Nb6 9. O-O a6 10. Na3 d5 11. exd5 Bxa3 12. bxa3 Rc8 13. Qf3 O-O 14. Rd1
Qc7 15. Rb1 1-0

[Event "AUTO-MASTER-2312"]
[Site "http://www.queenalice.com/game.php?id=1365383"]
[Date "2015.6.13"]
[Round "1"]
[White "umuaramaakira"]
[Black "CCapivara"]
[Result "0-1"]
[WhiteElo "2167"]
[BlackElo "2176"]

1. d4 d6 2. c4 Nf6 3. Nc3 c6 4. Nf3 Bg4 5. Bg5 Nbd7 6. e3 Qa5 7. Bxf6 Nxf6 8.
Be2 e5 9. O-O Be7 10. Qc2 O-O 11. a3 Rac8 12. b4 Qc7 13. Rac1 Rfd8 14. Rfd1 h6
15. h3 Bh5 16. Nd2 Bxe2 17. Nxe2 d5 18. cxd5 Nxd5 19. Nc4 exd4 0-1

[Event "AUTO-MASTER-2312"]
[Site "http://www.queenalice.com/game.php?id=1365384"]
[Date "2015.6.13"]
[Round "1"]
[White "CCapivara"]
[Black "umuaramaakira"]
[Result "1-0"]
[WhiteElo "2188"]
[BlackElo "2155"]

1. e4 c5 2. Nf3 d6 3. d4 cxd4 4. Nxd4 e5 5. Nb5 a6 6. N5a3 Nf6 7. Bg5 Be7 8. Nc3
O-O 9. Bxf6 Bxf6 10. Nd5 Be6 11. c3 Nd7 12. Nc4 Nc5 13. f3 b5 14. Nce3 Rc8 15.
Be2 Bh4+ 16. g3 Bg5 17. Qc2 Bxe3 18. Nxe3 Rc6 19. O-O 1-0